[Event "Charlotte CCCSA Fall IM-F"]
[Site "Charlotte"]
[Date "2022.11.21"]
[Round "7"]
[White "Vigorito, David"]
[Black "Andrianov, Nikolai Ivanovich"]
[Result "1/2-1/2"]
[WhiteElo "2300"]
[BlackElo "2297"]
[PlyCount "21"]
[EventDate "2022.11.18"]
[EventType "tourn"]
[EventRounds "9"]
[EventCountry "USA"]
[SourceTitle "CBM 211 Extra"]
[Source "ChessBase"]
[SourceDate "2023.01.31"]
[SourceVersion "1"]
[SourceVersionDate "2023.01.31"]
[SourceQuality "1"]

1. Nf3 Nf6 2. c4 c5 3. Nc3 e6 4. g3 b6 5. Bg2 Bb7 6. 0-0 Be7 7. d4 cxd4 8. Qxd4 d6 9. Bg5 a6 10. Bxf6 Bxf6 11. Qd3 1/2-1/2

[Event "Charlotte CCCSA Fall IM-F"]
[Site "Charlotte"]
[Date "2022.11.18"]
[Round "1"]
[White "Vigorito, David"]
[Black "Ouellet, Maili Jade"]
[Result "0-1"]
[WhiteElo "2300"]
[BlackElo "2204"]
[PlyCount "60"]
[EventDate "2022.11.18"]
[EventType "tourn"]
[EventRounds "9"]
[EventCountry "USA"]
[SourceTitle "CBM 211 Extra"]
[Source "ChessBase"]
[SourceDate "2023.01.31"]
[SourceVersion "1"]
[SourceVersionDate "2023.01.31"]
[SourceQuality "1"]

1. Nf3 d5 2. g3 Nf6 3. Bg2 e6 4. 0-0 c5 5. c4 d4 6. d3 Nc6 7. e3 Be7 8. exd4 cxd4 9. Re1 Nd7 10. Na3 e5 11. Nc2 a5 12. b3 0-0 13. Rb1 f6 14. Nh4 Nc5 15. Ba3 g5 16. Nf3 Bf5 17. Bxc5 Bxc5 18. h4 h6 19. Qd2 Nb4 20. Bf1 Qd6 21. Na3 Qc6 22. Bg2 Qe8 23. Nb5 Qg6 24. hxg5 hxg5 25. Nxe5 fxe5 26. Bxb7 Nxd3 27. Bxa8 Rxa8 28. Rf1 e4 29. Rbd1 Ne5 30. Kg2 Nf3 0-1

[Event "Charlotte CCCSA Summer IM-D"]
[Site "Charlotte"]
[Date "2022.07.27"]
[Round "6"]
[White "Chasin, Nico Werner"]
[Black "Vigorito, David"]
[Result "1/2-1/2"]
[WhiteElo "2285"]
[BlackElo "2295"]
[PlyCount "55"]
[EventDate "2022.07.24"]
[EventType "tourn"]
[EventRounds "9"]
[EventCountry "USA"]
[SourceTitle "CBM 209 Extra"]
[Source "ChessBase"]
[SourceDate "2022.09.30"]
[SourceVersion "1"]
[SourceVersionDate "2022.09.30"]
[SourceQuality "1"]

1. d4 Nf6 2. c4 g6 3. Nc3 Bg7 4. e4 d6 5. Be2 0-0 6. Be3 c5 7. d5 a6 8. a4 Qa5 9. Bd2 e6 10. Nf3 exd5 11. cxd5 Bg4 12. 0-0 Qc7 13. Bf4 Bxf3 14. Bxf3 Nbd7 15. Rc1 Rfe8 16. Re1 Rab8 17. b4 b5 18. bxc5 Nxc5 19. axb5 axb5 20. e5 dxe5 21. Rxe5 Rxe5 22. d6 Qa5 23. Bxe5 Ncd7 24. Bxf6 Nxf6 25. Nd5 Nxd5 26. Bxd5 Rd8 27. g3 Qa3 28. Rc6 1/2-1/2

[Event "Charlotte CCCSA Summer IM-D"]
[Site "Charlotte"]
[Date "2022.07.25"]
[Round "3"]
[White "Vigorito, David"]
[Black "Oberoi, Shelev"]
[Result "1-0"]
[WhiteElo "2295"]
[BlackElo "2259"]
[PlyCount "151"]
[EventDate "2022.07.24"]
[EventType "tourn"]
[EventRounds "9"]
[EventCountry "USA"]
[SourceTitle "CBM 209 Extra"]
[Source "ChessBase"]
[SourceDate "2022.09.30"]
[SourceVersion "1"]
[SourceVersionDate "2022.09.30"]
[SourceQuality "1"]

1. Nf3 d5 2. g3 Nc6 3. d4 Bf5 4. Bg2 e6 5. 0-0 Nb4 6. Ne1 h5 7. c4 c6 8. Nc3 Nf6 9. Qb3 Qd7 10. a3 Na6 11. Nf3 Bd6 12. Ng5 0-0 13. e4 dxe4 14. Ngxe4 Be7 15. Be3 Ng4 16. Bf4 Rac8 17. Rad1 Rfd8 18. Rfe1 b6 19. Qa4 Qb7 20. b4 Nb8 21. b5 Kf8 22. Bxb8 cxb5 23. Nxb5 Qxb8 24. Nxa7 Rc7 25. Nc6 Qa8 26. Nc3 Qxa4 27. Nxa4 Rd6 28. Nxe7 Kxe7 29. c5 bxc5 30. Nxc5 Ra7 31. a4 Nf6 32. a5 Rxa5 33. Nb7 Ra4 34. Nxd6 Kxd6 35. h3 Nd5 36. Rd2 Nb4 37. Kh2 g5 38. Red1 h4 39. gxh4 gxh4 40. d5 e5 41. Rc1 Ra3 42. Rc4 Rd3 43. Rxd3 Nxd3 44. Kg1 Nf4 45. Rc6+ Kd7 46. Rh6 Bxh3 47. Be4 Bg4 48. Rxh4 f5 49. Bh1 e4 50. Bxe4 Ne2+ 51. Kf1 Nc3 52. Bg2 Be2+ 53. Ke1 Bb5 54. Kd2 Nb1+ 55. Ke3 Kd6 56. Kd4 Nd2 57. Rh6+ Kd7 58. Rf6 Nb3+ 59. Ke5 Na5 60. Rf7+ Kd8 61. Rxf5 Nc4+ 62. Kd4 Nd6 63. Rh5 Be8 64. Rg5 Ke7 65. Be4 Kf6 66. f4 Bf7 67. Bd3 Nb7 68. Rg1 Nd6 69. Ra1 Be8 70. Ra7 Nc8 71. Ra6+ Ke7 72. Ke5 Kd8 73. d6 Bd7 74. Bf5 Bxf5 75. Kxf5 Kd7 76. Ke5 1-0

[Event "Charlotte Carolinas op"]
[Site "Charlotte"]
[Date "2021.06.19"]
[Round "2"]
[White "Shundi, Matias"]
[Black "Vigorito, David"]
[Result "1-0"]
[WhiteElo "1806"]
[BlackElo "2331"]
[PlyCount "113"]
[EventDate "2021.06.18"]
[EventType "swiss"]
[EventRounds "5"]
[EventCountry "USA"]
[SourceTitle "CBM 203 Extra"]
[Source "ChessBase"]
[SourceDate "2021.09.30"]
[SourceVersion "1"]
[SourceVersionDate "2021.09.30"]
[SourceQuality "1"]

1. e4 c6 2. d4 d5 3. Nc3 dxe4 4. Nxe4 Bf5 5. Ng3 Bg6 6. h4 h6 7. Nf3 Nd7 8. h5 Bh7 9. Bd3 Bxd3 10. Qxd3 e6 11. Bf4 Qa5+ 12. Bd2 Bb4 13. c3 Be7 14. c4 Qc7 15. 0-0-0 Ngf6 16. Ne4 Rd8 17. g3 b5 18. cxb5 cxb5+ 19. Kb1 Nxe4 20. Qxe4 Nf6 21. Qe2 Qb7 22. Be3 0-0 23. Ne5 Bd6 24. Rh4 Qd5 25. Ng4 Be7 26. Nxf6+ Bxf6 27. Rhh1 Rc8 28. Qg4 Kh8 29. f3 Rc4 30. Rd3 Rfc8 31. Qe4 Qd7 32. Rhd1 a5 33. g4 Be7 34. f4 a4 35. g5 hxg5 36. fxg5 b4 37. h6 Bf8 38. hxg7+ Bxg7 39. g6 f5 40. Qh4+ Kg8 41. Qh7+ Kf8 42. d5 e5 43. b3 Rc2 44. Bh6 Bxh6 45. Qh8+ Ke7 46. Qxe5+ Kd8 47. Qh8+ Qe8 48. Qxh6 a3 49. g7 Kd7 50. Re3 Rb2+ 51. Ka1 Qf7 52. Re6 Rcc2 53. Rd6+ Kc7 54. Rc6+ Rxc6 55. Qxc6+ Kb8 56. Qd6+ Ka7 57. Rc1 1-0

[Event "Charlotte Spring Classic"]
[Site "Charlotte"]
[Date "2021.03.26"]
[Round "1"]
[White "Vigorito, David"]
[Black "Povinelli, Braydon"]
[Result "1-0"]
[WhiteElo "2339"]
[BlackElo "1594"]
[PlyCount "57"]
[EventDate "2021.03.26"]
[EventType "game"]
[EventRounds "5"]
[EventCountry "USA"]
[SourceTitle "CBM 201 Extra"]
[Source "ChessBase"]
[SourceDate "2021.05.31"]
[SourceVersion "1"]
[SourceVersionDate "2021.05.31"]
[SourceQuality "1"]

1. d4 d5 2. c4 c6 3. Nc3 Nf6 4. e3 a6 5. Nf3 Bf5 6. Qb3 Ra7 7. Nh4 Bg6 8. Nxg6 hxg6 9. g3 e6 10. Bg2 Be7 11. 0-0 0-0 12. Rd1 b5 13. c5 a5 14. a3 Nbd7 15. e4 dxe4 16. Nxe4 Nd5 17. h4 N7f6 18. Ng5 Nh7 19. Nf3 Bf6 20. Bd2 Rd7 21. Qc2 Qc7 22. Qe4 Rfd8 23. g4 Rc8 24. g5 Be7 25. Qg4 Bf8 26. Rac1 Re8 27. Ne5 Rdd8 28. Be4 Ne7 29. h5 1-0

[Event "Charlotte op"]
[Site "Charlotte"]
[Date "2020.01.04"]
[Round "6"]
[White "Cezila, Rubens Jr"]
[Black "Vigorito, David"]
[Result "1-0"]
[WhiteElo "2239"]
[BlackElo "2368"]
[PlyCount "69"]
[EventDate "2020.01.01"]
[EventType "swiss"]
[EventRounds "9"]
[EventCountry "USA"]
[SourceTitle "CBM 194 Extra"]
[Source "ChessBase"]
[SourceDate "2020.03.31"]
[SourceVersion "1"]
[SourceVersionDate "2020.03.31"]
[SourceQuality "1"]

1. e4 c5 2. Nf3 d6 3. d4 cxd4 4. Nxd4 Nf6 5. Nc3 a6 6. Be3 e5 7. Nf3 Be7 8. Bc4 0-0 9. 0-0 Nc6 10. Re1 Be6 11. Nd5 Bxd5 12. exd5 b5 13. Bf1 Nb4 14. c4 bxc4 15. Bxc4 Qa5 16. Bd2 Qc5 17. Bxb4 Qxb4 18. b3 Rfc8 19. Nd4 exd4 20. Rxe7 Qc5 21. Qf3 a5 22. Rd1 Re8 23. Rb7 Re4 24. a4 Rae8 25. h3 h6 26. Kh2 Qc8 27. Ra7 Qd8 28. Bb5 R8e7 29. Ra6 Rc7 30. Bd3 Re5 31. Rxa5 Rc3 32. Rb5 g5 33. a5 h5 34. a6 g4 35. Qf4 1-0

[Event "Charlotte op"]
[Site "Charlotte"]
[Date "2020.01.03"]
[Round "4"]
[White "Brodsky, David"]
[Black "Vigorito, David"]
[Result "1-0"]
[WhiteElo "2479"]
[BlackElo "2368"]
[PlyCount "45"]
[EventDate "2020.01.01"]
[EventType "swiss"]
[EventRounds "9"]
[EventCountry "USA"]
[SourceTitle "CBM 194 Extra"]
[Source "ChessBase"]
[SourceDate "2020.03.31"]
[SourceVersion "1"]
[SourceVersionDate "2020.03.31"]
[SourceQuality "1"]

1. e4 c5 2. Nf3 d6 3. d4 cxd4 4. Nxd4 Nf6 5. Nc3 Nc6 6. Bg5 e6 7. Qd2 a6 8. 0-0-0 Bd7 9. f3 Be7 10. h4 h6 11. Be3 h5 12. Bg5 Qc7 13. Kb1 Ne5 14. f4 Neg4 15. Bd3 Qb6 16. Bc4 Rc8 17. Bb3 Rxc3 18. Qxc3 Nxe4 19. Qe1 Nxg5 20. hxg5 g6 21. Qe2 d5 22. c3 Kf8 23. Qxg4 1-0

[Event "Charlotte op"]
[Site "Charlotte"]
[Date "2020.01.03"]
[Round "5"]
[White "Vigorito, David"]
[Black "Puckett, Matthew"]
[Result "1-0"]
[WhiteElo "2368"]
[BlackElo "2148"]
[PlyCount "121"]
[EventDate "2020.01.01"]
[EventType "swiss"]
[EventRounds "9"]
[EventCountry "USA"]
[SourceTitle "CBM 194 Extra"]
[Source "ChessBase"]
[SourceDate "2020.03.31"]
[SourceVersion "1"]
[SourceVersionDate "2020.03.31"]
[SourceQuality "1"]

1. d4 Nf6 2. c4 e6 3. g3 Bb4+ 4. Bd2 a5 5. Bg2 d6 6. Nf3 Nbd7 7. 0-0 e5 8. Be3 exd4 9. Bxd4 0-0 10. Nc3 Bc5 11. Qc2 c6 12. Rad1 Qe7 13. e4 Ne5 14. Bxc5 Nxf3+ 15. Bxf3 dxc5 16. Bg2 Be6 17. b3 Rad8 18. h3 Rd4 19. f4 Rfd8 20. e5 Ne8 21. g4 Bc8 22. Ne4 f6 23. exf6 Nxf6 24. Rde1 g6 25. Rf2 Nxe4 26. Bxe4 Kf8 27. Kg2 Bf5 28. gxf5 gxf5 29. Bf3 Qxe1 30. Qxf5+ Kg7 31. Qg5+ Kh8 32. Qf6+ Kg8 33. Qg5+ Kh8 34. Qf6+ Kg8 35. Re2 Qb1 36. Be4 Rxe4 37. Qxd8+ Kf7 38. Qd7+ Kf6 39. Rd2 Re7 40. Qg4 Kf7 41. f5 Qe4+ 42. Qxe4 Rxe4 43. Rd7+ Kf6 44. Kf3 Rh4 45. Kg3 Rd4 46. Rxb7 a4 47. Rb6 axb3 48. Rxc6+ Kxf5 49. Rxc5+ Kg6 50. axb3 Rd3+ 51. Kg4 Rxb3 52. h4 Rc3 53. h5+ Kh6 54. Rc6+ Kg7 55. Kf5 Rf3+ 56. Ke5 h6 57. Rc7+ Kg8 58. c5 Rh3 59. c6 Rxh5+ 60. Kd6 Rh1 61. Rb7 1-0

[Event "Charlotte op"]
[Site "Charlotte"]
[Date "2020.01.02"]
[Round "2"]
[White "Xu, Grant"]
[Black "Vigorito, David"]
[Result "1/2-1/2"]
[WhiteElo "2228"]
[BlackElo "2368"]
[PlyCount "107"]
[EventDate "2020.01.01"]
[EventType "swiss"]
[EventRounds "9"]
[EventCountry "USA"]
[SourceTitle "CBM 194 Extra"]
[Source "ChessBase"]
[SourceDate "2020.03.31"]
[SourceVersion "1"]
[SourceVersionDate "2020.03.31"]
[SourceQuality "1"]

1. e4 c6 2. d4 d5 3. Nd2 dxe4 4. Nxe4 Bf5 5. Ng3 Bg6 6. h4 h6 7. Nh3 Nf6 8. Nf4 Bh7 9. c3 e6 10. Bd3 Bxd3 11. Qxd3 Nbd7 12. Bd2 Qc7 13. 0-0-0 0-0-0 14. Qf3 Bd6 15. Nfh5 Rhg8 16. Nxf6 Nxf6 17. Ne4 Nxe4 18. Qxe4 Qa5 19. Kb1 Qd5 20. Rhe1 Qxe4+ 21. Rxe4 h5 22. Kc2 b5 23. b3 Kb7 24. f3 Rd7 25. Rg1 Rh8 26. g3 a6 27. Be1 c5 28. Bf2 Kc6 29. Rd1 c4 30. Ra1 Rb7 31. Ree1 Kd5 32. Reb1 Rc8 33. b4 Ra8 34. a4 Rba7 35. axb5 axb5 36. Rxa7 Rxa7 37. Kb2 g6 38. Rg1 Ra8 39. Be3 Bc7 40. Bf4 Bd8 41. Re1 Bf6 42. Be5 Be7 43. Bf4 Bf6 44. g4 hxg4 45. fxg4 Bxh4 46. Re5+ Kc6 47. Rc5+ Kb6 48. g5 Ra7 49. Rc8 Rd7 50. Rh8 Be1 51. Rh1 Bf2 52. Rf1 Bh4 53. Rh1 Bf2 54. Rf1 1/2-1/2

[Event "US Masters op"]
[Site "Greensboro"]
[Date "2019.08.22"]
[Round "2"]
[White "Vigorito, David"]
[Black "Benjamin, Joel"]
[Result "1/2-1/2"]
[WhiteElo "2354"]
[BlackElo "2523"]
[PlyCount "64"]
[EventDate "2019.08.21"]
[EventType "swiss"]
[EventRounds "9"]
[EventCountry "USA"]
[SourceTitle "EXT 2020"]
[Source "ChessBase"]
[SourceDate "2019.10.17"]
[SourceVersion "1"]
[SourceVersionDate "2019.10.17"]
[SourceQuality "1"]

1. Nf3 Nf6 2. c4 b6 3. g3 Bb7 4. Bg2 g6 5. d4 Bg7 6. 0-0 0-0 7. Nc3 Ne4 8. Nxe4 Bxe4 9. Be3 c5 10. Qd2 Nc6 11. d5 Bxf3 12. exf3 Nd4 13. f4 d6 14. Bxd4 Bxd4 15. f5 Qd7 16. fxg6 hxg6 17. Rfe1 Rab8 18. Rac1 Kg7 19. Re4 e5 20. dxe6 fxe6 21. Rf1 Rf6 22. Kh1 Rbf8 23. f4 e5 24. Rfe1 Qf5 25. fxe5 dxe5 26. b3 Rh8 27. Qe2 Qf2 28. Rg4 Rh5 29. h4 Rhf5 30. Be4 Qxe2 31. Rxe2 Rf1+ 32. Kh2 Kh6 1/2-1/2

[Event "Las Vegas National op"]
[Site "Las Vegas"]
[Date "2019.06.15"]
[Round "7"]
[White "Li, Ruifeng"]
[Black "Vigorito, David"]
[Result "1/2-1/2"]
[WhiteElo "2546"]
[BlackElo "2338"]
[PlyCount "60"]
[EventDate "2019.06.12"]
[EventType "swiss"]
[EventRounds "9"]
[EventCountry "USA"]
[SourceTitle "CBM 190 Extra"]
[Source "ChessBase"]
[SourceDate "2019.07.15"]
[SourceVersion "1"]
[SourceVersionDate "2019.07.15"]
[SourceQuality "1"]

1. b3 Nf6 2. Bb2 g6 3. Bxf6 exf6 4. c4 d5 5. cxd5 Qxd5 6. Nc3 Qa5 7. a3 c5 8. e3 Bg7 9. Nf3 f5 10. Qc2 0-0 11. Bc4 Nc6 12. 0-0 f4 13. Qe4 fxe3 14. fxe3 Bf5 15. Qf4 Rae8 16. Ng5 Ne5 17. Bd5 Qd8 18. Qg3 b5 19. b4 a5 20. bxc5 b4 21. axb4 axb4 22. Ra8 Qxa8 23. Bxa8 bxc3 24. Bd5 Bd3 25. Nxf7 Nxf7 26. Rxf7 c2 27. Rxf8+ Kxf8 28. Qd6+ Re7 29. Qd8+ Re8 30. Qd6+ Re7 1/2-1/2

[Event "Foxwoods op 13th"]
[Site "Ledyard"]
[Date "2019.04.19"]
[Round "4"]
[White "Vigorito, David"]
[Black "Niemann, Hans Moke"]
[Result "1-0"]
[WhiteElo "2330"]
[BlackElo "2477"]
[PlyCount "99"]
[EventDate "2019.04.17"]
[EventType "swiss"]
[EventRounds "9"]
[EventCountry "USA"]
[SourceTitle "CBM 189 Extra"]
[Source "ChessBase"]
[SourceDate "2019.06.03"]
[SourceVersion "1"]
[SourceVersionDate "2019.06.03"]
[SourceQuality "1"]

1. c4 c6 2. Nc3 d5 3. e3 Nf6 4. Nf3 a6 5. d4 Bf5 6. Qb3 b5 7. c5 a5 8. Nh4 Bg4 9. h3 Bh5 10. g4 a4 11. Qc2 Bg6 12. Nxg6 hxg6 13. g5 Nfd7 14. f4 Na6 15. Bg2 e5 16. a3 Be7 17. fxe5 Bxg5 18. 0-0 Nc7 19. e4 Bxc1 20. Raxc1 Nf8 21. exd5 cxd5 22. Qf2 Qd7 23. c6 Qe6 24. Nxd5 Nxd5 25. c7 Rc8 26. Rc6 Qd7 27. Rd6 Qf5 28. Rxd5 Qxf2+ 29. Rxf2 Ne6 30. Rxb5 Nxd4 31. Rb4 Ne6 32. Rxa4 Rh5 33. Rc2 Rxc7 34. Rxc7 Nxc7 35. Re4 Kd7 36. b4 Ke6 37. Rc4 Ne8 38. Bc6 Ke7 39. Bxe8 Kxe8 40. a4 Rxh3 41. b5 Rb3 42. Rc5 Kd7 43. a5 g5 44. b6 Kd8 45. Rc7 Rb5 46. Rxf7 Rxa5 47. b7 Rb5 48. e6 Ke8 49. Rxg7 Kf8 50. Rc7 1-0

[Event "Las Vegas National op"]
[Site "Las Vegas"]
[Date "2018.06.23"]
[Round "4"]
[White "Wu, Rochelle"]
[Black "Vigorito, David"]
[Result "1-0"]
[WhiteElo "2042"]
[BlackElo "2346"]
[PlyCount "73"]
[EventDate "2018.06.21"]
[EventType "swiss"]
[EventRounds "7"]
[EventCountry "USA"]
[SourceTitle "CBM 185 Extra"]
[Source "ChessBase"]
[SourceDate "2018.07.29"]
[SourceVersion "1"]
[SourceVersionDate "2018.07.29"]
[SourceQuality "1"]

1. d4 Nf6 2. c4 g6 3. Nc3 Bg7 4. e4 d6 5. f3 0-0 6. Be3 Nbd7 7. Nge2 a6 8. Ng3 h5 9. Be2 e5 10. d5 h4 11. Nf1 Nh5 12. g3 f5 13. Qd2 Ndf6 14. Bg5 h3 15. 0-0-0 Qe8 16. exf5 gxf5 17. Bd3 Bd7 18. Qc2 b5 19. Bd2 c6 20. Ne3 b4 21. Nb1 cxd5 22. Bxb4 Qb8 23. Ba3 f4 24. Nf5 e4 25. fxe4 Bxf5 26. exf5 Rc8 27. Nc3 dxc4 28. Be2 Qb7 29. Bxh5 Nxh5 30. g4 Nf6 31. Rhg1 Re8 32. g5 Ne4 33. f6 Bf8 34. Nxe4 Rxe4 35. g6 d5 36. f7+ Kg7 37. Qc3+ 1-0

[Event "Las Vegas National op"]
[Site "Las Vegas"]
[Date "2018.06.22"]
[Round "2"]
[White "Li, Ruifeng"]
[Black "Vigorito, David"]
[Result "1-0"]
[WhiteElo "2581"]
[BlackElo "2346"]
[PlyCount "45"]
[EventDate "2018.06.21"]
[EventType "swiss"]
[EventRounds "7"]
[EventCountry "USA"]
[SourceTitle "CBM 185 Extra"]
[Source "ChessBase"]
[SourceDate "2018.07.29"]
[SourceVersion "1"]
[SourceVersionDate "2018.07.29"]
[SourceQuality "1"]

1. e4 c5 2. Ne2 d6 3. g3 Nc6 4. Bg2 g6 5. c3 Bg7 6. d4 Bg4 7. d5 Na5 8. h3 Bd7 9. 0-0 Nf6 10. Bf4 0-0 11. Nd2 e5 12. Be3 b5 13. b4 Nb7 14. bxc5 Nxc5 15. f4 Qc8 16. Kh2 Re8 17. fxe5 Rxe5 18. Bd4 Rh5 19. Bxf6 Bxh3 20. Bxg7 Bxg2+ 21. Kxg2 Kxg7 22. Nf4 Re5 23. Qf3 1-0

[Event "Charlotte CCCSA IM-B"]
[Site "Charlotte"]
[Date "2017.04.01"]
[Round "6"]
[White "Martin Del Campo C, Roberto Abel"]
[Black "Vigorito, David"]
[Result "1/2-1/2"]
[WhiteElo "2392"]
[BlackElo "2370"]
[PlyCount "20"]
[EventDate "2017.03.29"]
[EventType "tourn"]
[EventRounds "9"]
[EventCountry "USA"]
[EventCategory "3"]
[SourceTitle "CBM 177 Extra"]
[Source "ChessBase"]
[SourceDate "2017.04.27"]
[SourceVersion "1"]
[SourceVersionDate "2017.04.27"]
[SourceQuality "1"]

1. e4 c5 2. Nf3 d6 3. d4 cxd4 4. Nxd4 Nf6 5. Nc3 a6 6. f4 e5 7. Nf3 Nbd7 8. Bd3 Be7 9. 0-0 0-0 10. Kh1 b5 1/2-1/2

[Event "Charlotte CCCSA IM-B"]
[Site "Charlotte"]
[Date "2017.03.31"]
[Round "4"]
[White "Francisco, Richard"]
[Black "Vigorito, David"]
[Result "0-1"]
[WhiteElo "2253"]
[BlackElo "2370"]
[PlyCount "100"]
[EventDate "2017.03.29"]
[EventType "tourn"]
[EventRounds "9"]
[EventCountry "USA"]
[EventCategory "3"]
[SourceTitle "CBM 177 Extra"]
[Source "ChessBase"]
[SourceDate "2017.04.27"]
[SourceVersion "1"]
[SourceVersionDate "2017.04.27"]
[SourceQuality "1"]

1. e4 c6 2. d4 d5 3. e5 Bf5 4. h4 h5 5. Bg5 Qb6 6. Bd3 Qxd4 7. Nf3 Qg4 8. Bxf5 Qxf5 9. c4 Qe4+ 10. Be3 e6 11. Nbd2 Qd3 12. Rc1 dxc4 13. Rc3 Qd5 14. Rxc4 Ne7 15. 0-0 Nf5 16. Bg5 Nd7 17. Qe2 Nb6 18. Rd1 Be7 19. Rcc1 Qd7 20. Ne4 Nd5 21. g3 Rd8 22. b4 a6 23. a3 0-0 24. Nh2 f6 25. Qxh5 Qe8 26. Qxe8 Rfxe8 27. Bd2 Nd4 28. Kg2 Rd7 29. Be1 Nf5 30. Kf3 Red8 31. exf6 gxf6 32. Ke2 Nxh4 33. Nc5 Bxc5 34. bxc5 Nf5 35. Ba5 Re8 36. Ng4 Kg7 37. Rb1 e5 38. Ne3 Nfxe3 39. fxe3 e4 40. Rf1 Rh8 41. Rh1 Rxh1 42. Rxh1 Kg6 43. Rh4 f5 44. Rh8 Rh7 45. Rg8+ Kf7 46. Rb8 Rh2+ 47. Ke1 Nxe3 48. Rxb7+ Ke6 49. Bd2 Nd5 50. Rb8 Ke5 0-1

[Event "Charlotte CCCSA IM"]
[Site "Charlotte"]
[Date "2016.03.24"]
[Round "3"]
[White "Vigorito, David"]
[Black "Niemann, Hans Moke"]
[Result "0-1"]
[WhiteElo "2415"]
[BlackElo "2325"]
[PlyCount "68"]
[EventDate "2016.03.23"]
[EventType "tourn"]
[EventRounds "9"]
[EventCountry "USA"]
[EventCategory "3"]
[SourceTitle "CBM 171 Extra"]
[Source "ChessBase"]
[SourceDate "2016.04.26"]
[SourceVersion "1"]
[SourceVersionDate "2016.04.26"]
[SourceQuality "1"]

1. Nf3 Nf6 2. c4 g6 3. g3 Bg7 4. Bg2 d5 5. cxd5 Nxd5 6. d4 0-0 7. 0-0 Nb6 8. Nc3 Nc6 9. e3 Re8 10. Nh4 e5 11. d5 Na5 12. Rb1 Bd7 13. b3 e4 14. Nxe4 Bb5 15. Bd2 f5 16. Nc5 Qd6 17. Re1 Qxc5 18. b4 Qd6 19. bxa5 Ba4 20. Rxb6 Qa3 21. Bb4 Qxa2 22. Qd3 axb6 23. d6 Bc6 24. Bxc6 bxc6 25. d7 Red8 26. Be7 Qxa5 27. Rc1 Qa4 28. Nf3 h6 29. h4 Kh8 30. Rc4 Qb5 31. Nd2 c5 32. Bxd8 Rxd8 33. Rd4 Qxd3 34. Rxd3 Kg8 0-1

[Event "Charlotte CCCSA IM"]
[Site "Charlotte"]
[Date "2016.03.23"]
[Round "1"]
[White "Martin Del Campo C, Roberto Abel"]
[Black "Vigorito, David"]
[Result "1-0"]
[WhiteElo "2360"]
[BlackElo "2415"]
[PlyCount "67"]
[EventDate "2016.03.23"]
[EventType "tourn"]
[EventRounds "9"]
[EventCountry "USA"]
[EventCategory "3"]
[SourceTitle "CBM 171 Extra"]
[Source "ChessBase"]
[SourceDate "2016.04.26"]
[SourceVersion "1"]
[SourceVersionDate "2016.04.26"]
[SourceQuality "1"]

1. e4 c5 2. Nf3 d6 3. d4 cxd4 4. Nxd4 Nf6 5. Nc3 Nc6 6. Bg5 e6 7. Qd2 a6 8. 0-0-0 Bd7 9. f4 b5 10. Nxc6 Bxc6 11. Bd3 Be7 12. e5 dxe5 13. fxe5 Nd7 14. Bxe7 Qxe7 15. Be4 Bxe4 16. Nxe4 Nxe5 17. Qc3 f6 18. Nd6+ Kf8 19. Rhf1 Kg8 20. Nc8 Qe8 21. Nb6 Ra7 22. Qc5 Rf7 23. Qa3 h5 24. Qxa6 Kh7 25. Rd6 Rc7 26. Rfd1 Qg6 27. R1d2 Rb8 28. b3 Qf5 29. Qxb5 Rc3 30. Qe2 Rb7 31. Rxe6 Rbc7 32. Nd5 Nd3+ 33. Kb1 Rxc2 34. Qxd3 1-0

[Event "Manchester 05"]
[Site "Manchester"]
[Date "2015.05.10"]
[Round "7"]
[White "Gorti, Akshita"]
[Black "Vigorito, David"]
[Result "1/2-1/2"]
[WhiteElo "2080"]
[BlackElo "2422"]
[PlyCount "64"]
[EventDate "2015.05.07"]
[EventType "tourn"]
[EventRounds "9"]
[EventCountry "USA"]
[EventCategory "3"]
[SourceTitle "CBM 166 Extra"]
[Source "ChessBase"]
[SourceDate "2015.06.18"]
[SourceVersion "1"]
[SourceVersionDate "2015.06.18"]
[SourceQuality "1"]

1. d4 Nf6 2. c4 g6 3. Nc3 Bg7 4. e4 d6 5. Nf3 Bg4 6. Be2 Nfd7 7. Ng1 Bxe2 8. Ngxe2 c5 9. Be3 Nc6 10. 0-0 Qa5 11. Rc1 a6 12. Qd2 0-0 13. Rfd1 b5 14. b3 bxc4 15. bxc4 Rfd8 16. f4 cxd4 17. Nxd4 Rac8 18. Nxc6 Rxc6 19. Nd5 Qxd2 20. Rxd2 Kf8 21. Nb4 Rcc8 22. Nxa6 Nf6 23. e5 dxe5 24. Rxd8+ Rxd8 25. fxe5 Ng4 26. Bf4 Nxe5 27. Nb4 Rc8 28. c5 Ng4 29. h3 Bd4+ 30. Kf1 e5 31. hxg4 exf4 32. Rc4 Be5 1/2-1/2

[Event "Manchester 05"]
[Site "Manchester"]
[Date "2015.05.08"]
[Round "3"]
[White "Vigorito, David"]
[Black "Movsisyan, Movses"]
[Result "1-0"]
[WhiteElo "2422"]
[BlackElo "2233"]
[PlyCount "118"]
[EventDate "2015.05.07"]
[EventType "tourn"]
[EventRounds "9"]
[EventCountry "USA"]
[EventCategory "3"]
[SourceTitle "CBM 166 Extra"]
[Source "ChessBase"]
[SourceDate "2015.06.18"]
[SourceVersion "1"]
[SourceVersionDate "2015.06.18"]
[SourceQuality "1"]

1. Nf3 c5 2. c4 Nc6 3. Nc3 g6 4. e3 Nf6 5. d4 cxd4 6. exd4 d5 7. cxd5 Nxd5 8. Qb3 Nxc3 9. Bc4 Nd5 10. Bxd5 e6 11. Bxc6+ bxc6 12. 0-0 Qd5 13. Qc3 Bg7 14. Bf4 0-0 15. Rfc1 Bb7 16. Qe3 Rfd8 17. Rc5 Qd7 18. Rd1 Qe7 19. Rdc1 Rac8 20. b4 Rd5 21. Bh6 Bh8 22. h4 Rcd8 23. Bg5 f6 24. Bf4 Rxc5 25. Rxc5 Rd5 26. g4 Rxc5 27. bxc5 Ba6 28. Bd6 Qe8 29. Nd2 h5 30. gxh5 gxh5 31. Kh2 Qf7 32. a4 Bg7 33. Qf3 f5 34. Qg3 Kh7 35. Nf3 Bf6 36. Be5 Be7 37. Bb8 Bf6 38. Be5 Be7 39. Bf4 Bf6 40. Bg5 Be2 41. Ng1 Bd1 42. Bxf6 Qxf6 43. Qf4 Bg4 44. f3 Qxh4+ 45. Kg2 Qe1 46. fxg4 hxg4 47. d5 cxd5 48. c6 Qc3 49. c7 Qc6 50. Ne2 d4+ 51. Kf2 d3 52. Nd4 Qc5 53. Ke1 Qb4+ 54. Kd1 Qxa4+ 55. Kd2 Qd7 56. Qh2+ Kg6 57. Qe5 Kh7 58. Nxe6 Qc6 59. Qf4 Qc5 1-0